000 00499nam a2200169 i 4500
001 149917
003 ES-MaACL
005 20230906203317.0
007 t|
008 071025s1933 fr ||||1| fre d
100 1 _aVallaux, Camille.
_9112743
245 1 0 _aGéographie générale des mers /
_cpar Camille Vallaux.
260 _aParis :
_bFélix Alcan,
_c1933.
300 _aVII, 795 p., 16 lám., 4 map. pleg. :
_bil. ;
_c25 cm.
650 0 4 _aOceanografía.
_915678
852 _aES-MaACL
_jA-2170
999 _c149917
_d149917